000 01072nam a2200277 a 4500
001 BRCA_4017
005 20190320204520.0
008 220110s2009----mx-a######---#000-0#spa-#
020 _a9786072003460
041 _aspa
044 _amx
050 4 _aML82
_b.M87 2009
100 1 _aMuriel, Josefina
_d1918-2008
_9501
245 1 0 _aLa música en las instituciones femeninas novohispanas
_cJosefina Muriel, Luis Lledías.
260 _aMéxico
_bUNAM, Instituto de Investigaciones Históricas : Universidad del Claustro de Sor Juana
_c2009
300 _a586 p.
_bil.
_c33 cm.
_e1 CD
500 _aIncluye índice de partituras, índice del CD incluido e índice onomástico
500 _aEl CD se separo del libro y se ubico con los videos
504 _aBibliografía : p. 569-573
650 1 4 _aFeminismo y música
_xHistoria
_zMéxico
_910441
650 1 4 _aMujeres
_xEducación
_zMéxico
_910442
650 1 4 _aMujeres como músicos
_xHistoria
_zMéxico
_910443
650 1 4 _aMúsica
_xHistoria
_zMéxico
_910444
700 1 _aLledías, Luis
_ecoaut.
_910445
942 _2lcc
_cB
999 _c3742
_d3742